| 000 | 00440nam a22001697a 4500 | ||
|---|---|---|---|
| 005 | 20170916105705.0 | ||
| 008 | 170916b xxu||||| |||| 00| 0 eng d | ||
| 020 | _a978-0-07-107774-3 | ||
| 041 | _aeng | ||
| 082 | _a621.317 | ||
| 100 |
_aRAM, BADRI VISHWAKARMA _93923 |
||
| 245 | _aPOWER SYSTEM PROTECTION AND SWITCHGEAR | ||
| 250 | _a2nd | ||
| 260 |
_aNEW DELHI _bMC GRAW HILL EDUCATION PVT. LTD _c2011 |
||
| 300 | _a669p. | ||
| 942 | _cBK | ||
| 999 |
_c5566 _d5564 |
||